ნორმალური ფორმატი
MARC ფორმატი
ჩანაწერი Corporate Name
ჩანაწერთა რაოდენობა, რომელიც გამოყენებულია: 1
001 - CONTROL NUMBER
- control field: 220
003 - CONTROL NUMBER IDENTIFIER
- control field: GE_BSU
005 - DATE AND TIME OF LATEST TRANSACTION
- control field: 20190419145716.0
008 - FIXED-LENGTH DATA ELEMENTS
- fixed length control field: 190419|| aca||aabn | a|a d
040 ## - CATALOGING SOURCE
- Original cataloging agency: GE_BSU
- Transcribing agency: GE_BSU
110 ## - HEADING--CORPORATE NAME
- Corporate name or jurisdiction name as entry element: შოთა რუსთაველის სახ.უნ–ტი.
- Subordinate unit: სოციალურ მეცნ. ბიზნესისა და სამართალმცოდნ.ფაკ–ტი იურიდიულ მეცნ. დეპარტამენტი
- Relator term: ორგანიზაცია
670 ## - SOURCE DATA FOUND
- Source citation: Work cat.: (GE_BSU)36153: გორგოშაძე, მურმან 218, სამართლის ფილოსოფიის საკითხები.
